000 00902cam a2200157 4500500
005 20260405003232.0
041 _afre
042 _adc
100 1 0 _aKoller, Sylvie
_eauthor
245 0 0 _aNicolas Duvoux, Le nouvel âge de la solidarité , Pauvreté, précarité et politiques publiques. Seuil, coll. La République des idées, 2012, 105 pages, 11,50 €
260 _c2012.
500 _a36
520 _aRésuméRevenir sur Tintin au Congo (1931) quatre-vingt ans après sa parution, est intéressant non seulement pour interroger le regard que pouvaient porter dans les années 30 les sociétés européennes sur l’Afrique et les Africains, mais aussi pour comprendre les controverses récentes concernant cette œuvre.
786 0 _nÉtudes | 417 | 7 | 2012-07-01 | p. XXX-XXX | 0014-1941
856 4 1 _uhttps://shs.cairn.info/revue-etudes-2012-7-page-XXX?lang=fr&redirect-ssocas=7080
999 _c2065623
_d2065623